| 000 | 00484nam a2200193Ia 4500 | ||
|---|---|---|---|
| 005 | 20240823040644.0 | ||
| 008 | 240823s9999||||xx |||||||||||||| ||und|| | ||
| 020 | _a978-81-7319-337-8 | ||
| 041 | _aENGLISH | ||
| 082 | _A515.782 P1 | ||
| 100 | _aPathak R S | ||
| 245 | 2 | _aA Course in Distribution Theory and Applications | |
| 250 | _a1st | ||
| 260 |
_c2001 _bNarosa Publishing House New |
||
| 500 | _aYES | ||
| 650 |
_aDistribution _bGeneral |
||
| 942 | _cBK | ||
| 999 |
_c203636 _d203636 |
||